000
00332nam a2200145Ia 4500
008
150201s1998 xx 000 0 und d
082
_a
617.6
_b
C1998B
100
_a
BAUCHER & MORRIS
245
_a
CLINICAL SKILLS
250
_a
2ND
260
_b
AITBS
_a
DELHI
_c
1998
300
_a
1-720
650
_a
ORAL MEDICINE
942
_2
ddc
_c
BK
999
_c
2958
_d
2958